Cargando...

101 Bible kathakal /

Detalles Bibliográficos
Autor Principal: George ,Immatti
Formato: Printed Book
Idioma:Malayalam
Publicado: Thiruvananthapuram: Prabhath Books, 1999.
LEADER 00482nam a2200121Ia 4500
008 111205s9999 xx 000 0 mal d
100 |a George ,Immatti 
245 |a 101 Bible kathakal /  |c Immatti George  
260 |b Prabhath Books,   |a Thiruvananthapuram:  |c 1999. 
300 |a 200pages. 
942 |c BK 
999 |c 219468  |d 219468 
952 |0 0  |1 0  |2 ddc  |4 0  |6 808_068000000000000_5_GEO_N  |7 0  |9 242450  |a MAL  |b MAL  |c ST1  |d 1978-02-18  |g 80.00  |l 1  |o 808.068 5 GEO/N  |p MAL26413  |r 2020-02-17  |s 2020-01-17  |v 80.00  |w 2011-12-05  |y BK